Markets (Record no. 84268)
[ view plain ]
| 000 -LEADER | |
|---|---|
| fixed length control field | 01035cab a22001935a 4500 |
| 001 - CONTROL NUMBER | |
| control field | L157144 |
| 008 - FIXED-LENGTH DATA ELEMENTS--GENERAL INFORMATION | |
| fixed length control field | 120910e2012 xxk 000 0 eng d |
| 035 ## - SYSTEM CONTROL NUMBER | |
| System control number | (Sirsi) u157144 |
| 041 0# - LANGUAGE CODE | |
| Language code of text/sound track or separate title | eng |
| 100 1# - MAIN ENTRY--PERSONAL NAME | |
| Personal name | Hatcher, David |
| 245 00 - TITLE STATEMENT | |
| Title | Markets |
| Remainder of title | West Midlands |
| 260 ## - PUBLICATION, DISTRIBUTION, ETC. | |
| Date of publication, distribution, etc. | 2012 |
| 490 #0 - SERIES STATEMENT | |
| Series statement | Property Week |
| Volume/sequential designation | 78(36) 7 September 2012, 49-58(6) |
| 520 ## - SUMMARY, ETC. | |
| Summary, etc. | Survey of recent activity in the West Midlands commercial property market: IBM is looking for an out-of-town campus of up to 200 000 sq ft for its new base between Birmingham and Milton Keynes; Birmingham's commercial property investment market could show rapid improvement in H2 2012; St Modwen is closing in on a number of retail and leisure tenants for the first phase of its Longbridge town centre scheme; West Midlands industrial market is suffering from dearth of good stock; and the second phase of Nikal's Masshouse development on Birminham's Eastside is revealed. |
| 590 ## - LOCAL NOTE (RLIN) | |
| Local note | KA |
| 651 #4 - SUBJECT ADDED ENTRY--GEOGRAPHIC NAME | |
| Geographic name | West Midlands |
| 690 ## - LOCAL SUBJECT ADDED ENTRY--TOPICAL TERM (OCLC, RLIN) | |
| Topical term or geographic name as entry element | Commercial property |
| 9 (RLIN) | 6227 |
| 942 ## - ADDED ENTRY ELEMENTS (KOHA) | |
| Suppress in OPAC | 0 |
| Withdrawn status | Lost status | Source of classification or shelving scheme | Damaged status | Not for loan | Home library | Current library | Shelving location | Date acquired | Total Checkouts | Full call number | Barcode | Date last seen | Copy number | Price effective from | Koha item type |
|---|---|---|---|---|---|---|---|---|---|---|---|---|---|---|---|
| Dewey Decimal Classification | London | London | Journal article | 09/09/2012 | L157144 | 157144-1001 | 06/08/2019 | 1 | 06/08/2019 | Journal article |